Fr. Conceicao Rodrigues College of Engineering

Let us C++ (Record no. 36260)

MARC details
000 -LEADER
fixed length control field 00390nam a22001697a 4500
003 - CONTROL NUMBER IDENTIFIER
control field OSt
005 - DATE AND TIME OF LATEST TRANSACTION
control field 20251004113633.0
007 - PHYSICAL DESCRIPTION FIXED FIELD--GENERAL INFORMATION
fixed length control field 348 pages
008 - FIXED-LENGTH DATA ELEMENTS--GENERAL INFORMATION
fixed length control field 251004b |||||||| |||| 00| 0 eng d
020 ## - INTERNATIONAL STANDARD BOOK NUMBER
International Standard Book Number 9789388176644
040 ## - CATALOGING SOURCE
Transcribing agency
082 ## - DEWEY DECIMAL CLASSIFICATION NUMBER
Edition number 3
Classification number 005.133
Item number KAN
245 ## - TITLE STATEMENT
Title Let us C++
Statement of responsibility, etc. Kanetkar,Yashavant
250 ## - EDITION STATEMENT
Edition statement 3
260 ## - PUBLICATION, DISTRIBUTION, ETC.
Name of publisher, distributor, etc. BPB
Date of publication, distribution, etc. 2019
942 ## - ADDED ENTRY ELEMENTS (KOHA)
Source of classification or shelving scheme Dewey Decimal Classification
Koha item type BOOK
Edition 3
Call number prefix 005.133
Call number suffix KAN
Suppress in OPAC No
Holdings
Withdrawn status Lost status Source of classification or shelving scheme Damaged status Not for loan Collection Home library Current library Date acquired Cost, normal purchase price Inventory number Total Checkouts Total Renewals Full call number Barcode Date last seen Date last checked out Price effective from Koha item type
    Dewey Decimal Classification     COMPUTERS Fr. Agnel's C.Rodrigues College of Engineering AGNEL TECHNICAL COLLEGE LIBRARY 04/10/2025 390.00 AO/25/09/486 dt 25.09.2025 3 1 005.133/KAN 26909 27/03/2026 07/02/2026 04/10/2025 BOOK
    Dewey Decimal Classification     COMPUTERS Fr. Agnel's C.Rodrigues College of Engineering Fr. Agnel's C.Rodrigues College of Engineering 04/10/2025 390.00 AO/25/09/486 dt 25.09.2025 1   005.133/KAN 26910 06/01/2026 18/12/2025 04/10/2025 BOOK
    Dewey Decimal Classification     COMPUTERS Fr. Agnel's C.Rodrigues College of Engineering Fr. Agnel's C.Rodrigues College of Engineering 04/10/2025 390.00 AO/25/09/486 dt 25.09.2025 1 1 005.133/KAN 26911 06/01/2026 18/12/2025 04/10/2025 BOOK
    Dewey Decimal Classification     COMPUTERS Fr. Agnel's C.Rodrigues College of Engineering Fr. Agnel's C.Rodrigues College of Engineering 04/10/2025 390.00 AO/25/09/486 dt 25.09.2025 1   005.133/KAN 26912 06/01/2026 18/12/2025 04/10/2025 BOOK
    Dewey Decimal Classification     COMPUTERS Fr. Agnel's C.Rodrigues College of Engineering Fr. Agnel's C.Rodrigues College of Engineering 04/10/2025 390.00 AO/25/09/486 dt 25.09.2025 3 1 005.133/KAN 26913 02/03/2026 07/02/2026 04/10/2025 BOOK